000 01122nam1a22002771i 4500
001 rc\3046299
005 20240921130315.0
035 _a(NLR Aleph) 007186051
090 _a7490477
_c7490477
100 _a20111007d1944 |||y0rusy50 ca
101 0 _arus
102 _aRU
105 _ay j |||||
200 1 _aУчебник частной хирургии
_eТ. 1-
_fС.С. Гирголав, В.С. Левит
_gСост. проф. И.С. Бабчин, проф. А.Н. Бакулев, доц. Л.С. Бекерман [и др.]
205 _a2-е изд., испр. и доп.
210 _aМосква
_cМедгиз
_d1944
215 _d25 см
700 1 _4340
_7ca
_8rus
_aГирголав
_bС. С.
_f1881-1957
_gСемён Семёнович
_9227271
_3RU\NLR\AUTH\770227327
701 1 _aЛевит
_bВ.С.
_gВладимир Семенович
702 1 _aБабчин
_bИ.С.
_gИсаак Савельевич
_4220
702 1 _aБакулев
_bА.Н.
_4220
702 1 _aБекерман
_bЛ.С.
_4220
801 0 _aRU
_bNLR
_gpsbo
801 1 _aRU
_bELAR
_2rusmarc
852 _aNLR
_jМд420 Г-7/10(1)
942 _cBOOK